MCU Top 10’s - According to IMDb - Statistics

General Stats
  • This quiz has been taken 127 times
  • The average score is 37 of 50
Answer Stats
Categories Movies % Correct
MCU #2 Best Movie (Rated - 8.4) Avengers: Endgame
99%
MCU #1 Highest Grossing ($2.799 Billion) Avengers: Endgame
99%
MCU #5 Best Movie (Rated - 8.0) The Avengers
99%
MCU #4 Highest Grossing ($1.51 Billion) The Avengers
99%
MCU #6 Best Movie (Rated - 7.9) Iron Man
97%
MCU #4 ‘Franchise’ (Average Rating - 7.3) Iron Man
97%
MCU #1 Best Movie (Rated - 8.4) Avengers: Infinity War
96%
MCU #2 Highest Grossing ($2.052 Billion) Avengers: Infinity War
96%
MCU #1 ‘Franchise’ (Average Rating - 8.0) Avengers
94%
MCU #3 ‘Franchise’ (Average Rating - 7.6) Spider-Man
93%
Marvel #9 Movie [Outside the MCU] (Rated - 7.4) Spider-Man
93%
MCU #8 ‘Franchise’ (Average Rating - 6.9) Thor
91%
MCU #9 Best Movie (Rated - 7.8) Captain America: Civil War
90%
MCU #9 Highest Grossing ($1.15 Billion) Captain America: Civil War
90%
MCU #5 Highest Grossing ($1.40 Billion) Avengers: Age of Ultron
88%
MCU #8 Highest Grossing ($1.21 Billion) Iron Man 3
88%
MCU #6 ‘Franchise’ (Average Rating - 7.0) Captain America
87%
MCU #3 Best Movie (Rated - 8.1) Spider-Man: No Way Home
87%
MCU #3 Highest Grossing ($1.921 Billion) Spider-Man: No Way Home
87%
MCU #10 Best Movie (Rated - 7.7) Captain America: The Winter Soldier
84%
MCU #4 Best Movie (Rated - 8.0) Guardians of the Galaxy
84%
MCU #2 ‘Franchise’ (Average Rating - 7.8) Guardians of the Galaxy
84%
MCU #10 Highest Grossing ($1.13 Billion) Spider-Man: Far From Home
84%
MCU #9 ‘Franchise’ (Average Rating - 6.7) Ant-Man/Wasp
83%
MCU #5 ‘Franchise’ (Average Rating - 7.2) Doctor Strange
81%
MCU #7 Best Movie (Rated - 7.9) Thor: Ragnarok
81%
MCU #6 Worst Movie (Rated - 6.6) Black Widow
80%
MCU #7 Worst Movie (Rated - 6.6) The Incredible Hulk
78%
MCU #9 Worst Movie (Rated - 6.7) Captain Marvel
75%
MCU #10 ‘Franchise’ (Average Rating - 6.1) Captain Marvel
75%
MCU #7 ‘Franchise’ (Average Rating - 7.0) Black Panther
74%
MCU #6 Highest Grossing ($1.37 Billion) Black Panther
74%
MCU #5 Worst Movie (Rated - 6.2) Eternals
74%
Marvel #4 Movie [Outside the MCU] (Rated - 8.0) Deadpool
71%
MCU #1 Worst Movie (Rated - 5.5) The Marvels
70%
MCU #4 Worst Movie (Rated - 6.1) Thor: Love and Thunder
70%
MCU #10 Worst Movie (Rated - 6.7) Thor: The Dark World
68%
MCU #3 Worst Movie (Rated - 6.0) Ant-Man and the Wasp: Quantumania
67%
MCU #8 Worst Movie (Rated - 6.6) Black Panther: Wakanda Forever
58%
MCU #8 Best Movie (Rated - 7.9) Guardians of the Galaxy Vol. 3
55%
MCU #7 Highest Grossing ($1.338 Billion) Deadpool & Wolverine
49%
Marvel #8 Movie [Outside the MCU] (Rated - 7.5) Spider-Man 2
45%
MCU #2 Worst Movie (Rated - 5.6) Captain America: Brave New World
43%
Marvel #7 Movie [Outside the MCU] (Rated - 7.6) Deadpool 2
42%
Marvel #3 Movie [Outside the MCU] (Rated - 8.1) Logan
33%
Marvel #5 Movie [Outside the MCU] (Rated - 7.9) X-Men: Days of Future Past
30%
Marvel #10 Movie [Outside the MCU] (Rated - 7.4) X2: X-Men United
29%
Marvel #6 Movie [Outside the MCU] (Rated - 7.7) X-Men: First Class
25%
Marvel #2 Movie [Outside the MCU] (Rated - 8.4) Spider-Man: Into the Spider-Verse
19%
Marvel #1 Movie [Outside the MCU] (Rated - 8.5) Spider-Man: Across the Spider-Verse
16%
No matching quizzes found
Score Distribution
Percent of People with Each Score
Percentile by Number Answered
Your Score History
You have not taken this quiz